000 00971nam a2200229Ia 4500
005 20240530110941.0
008 140319s2021 ua dhf f 000 0 ara d
017 _a2020/20229
_bمصر. دار الكتب
020 _a9789776840188
040 _aGCL /
_cGCL
082 0 4 _221
_a371.3
_bح ت
100 0 _aحسين عباس حسين على الطحان
245 1 0 _aتخطيط الانشطة التعليمية فى اطار تخطيط وتطوير المناهج :
_bمن مرحلة الطفولة المبكرة وحتى المرحلة الجامعية /
_cحسين عباس حسين على الطحان
250 _aط. 1
260 _aالاسكندرية :
_bدار الوفاء لدنيا الطباعة و النشر،
_c2021.
300 _a156 ص. :
_bايض ؛
_c24 سم.
650 0 7 _aالانشطة
650 0 7 _aرياض الاطفال
650 0 7 _aالطلبة
_xنشاط
942 _2ddc
_cBK
999 _c66821
_d66821